Регионална библиотека "Любен Каравелов" - Русе

И бащите имат сърца (Запис номер 443572)

MARC детайли
000 -Лидер
Контролно поле с фиксирана дължина 00838nam a2200241 a 4500
003 - Код на организацията, давaща контролен номер
Контролно поле BLK
005 - Дата и час на последна редакция
Контролно поле 20230912083432.0
008 - Елементи от данни с фиксирана дължина
fixed length control field 210813b bul |a|er|||| |0| ||bulo|
020 ## - Международен стандартен номер на книга ISBN
Международен стандартен номер на книга ISBN 9786191643851
040 ## - Източник на каталожния запис
Идентификатор на билиотеката - собственик на записа BLK
041 ## - Код за език
Код за езика на текст/звукозапис или на отделно заглавие Български
Код за езика КДБФ Български
080 ## - УДК
Текстов определител УДК Българска литература
УДК код - определител по УДК 821.163.2
УДК определител -31
УДК - код + определител 821.163.2-31
100 ## - Редна дума - Автор
Автор Любомиров, Борислав Иванов
Авторска отговорност първи автор
R(LIN) 470189
139 ## - Редно поле
Редна дума Любомиров, Борислав Иванов
Авторски знак Люб - Л 95
245 10 - Сведения за заглавието
Заглавие И бащите имат сърца
Подзаглавни данни Роман
Редно поле (дума) Борислав Любомиров
260 ## - Област на издателските данни
Място на издаване, разпространение и проч. София
Име на издателя, разпространителя и проч. Enthusiast
Година на издаване 2021
9 (RLIN) 215899
300 ## - Физическа характеристика
Страници 256 с.
Размери/Мащаб 21 см
380 ## - Жанр
Жанр Худож. лит.
856 ## - Електронен адрес и достъп
Инструкция (цена за достъп) 0.00
Права за достъп disable
999 ## - СИСТЕМНИ КОНТРОЛНИ НОМЕРА
Koha biblionumber 443572
Koha biblioitemnumber 443572
942 ## - АРТИКУЛИ
Вид на библиотечния материал Книги
Скрит в OPAC Не
Периодичен библиозапис Да
Koha issues (borrowed), all copies 14
944 ## - СЪЗДАВАНЕ И РЕДАКЦИЯ на ЗАПИСА
Създаване/Редакция Създаване
Дата на регистрацията/редакция 2022-02-04
Служител, извършил регистрацията/редакцията 30530
Статус, дата на статуса Минев Младен
999 ## - СИСТЕМНИ КОНТРОЛНИ НОМЕРА
Koha biblioitemnumber 443572
Наличности
Код за отписване Код за изгубен артикул Източник на класификационната схема Код за повреда Коз за рестрикции Код за отдаване Артикулен № Име на библиотеката - собственик Име на библиотеката, в която се намира в момента Статус (Текущо местоположение) Дата на вписване в системата Местоположение - отдел Цена в лева Систематично азбучна сигнатура Баркод Цена в евро Служебен тип на артикула
  Не е изгубен Universal Decimal Classification Не е повреден само за читалня ползва се в читалня 870572 Регионална библиотека "Любен Каравелов" Русе Регионална библиотека "Любен Каравелов" Русе Хранилище 2022-02-10 Хранилище 16.00 Цб 310585 120000864964 8.18 Книги
  Не е изгубен Universal Decimal Classification Не е повреден без рестрикции заемане за дома 922340 Регионална библиотека "Любен Каравелов" Русе Регионална библиотека "Любен Каравелов" Русе Заемна - подръчен фонд 2023-01-20 Заемна - подръчен фонд 11.20 821.163.2-31/Л 95 Б 120000881969 5.73 Книги
Vip Innovations Ltd, Rousse, Bulgaria 2025